Statistics for 50 Marvel Villains by Picture #9

Click here to take the quiz!

General Stats

  • This quiz has been taken 11 times
  • The average score is 18 of 50

Answer Stats

Answer% Correct
8-Ball (Jeff Hagees)
100%
Gremlin (Kondrati Topolov)
67%
Cockroach Hamilton (Dontrell Hamilton)
56%
Doctor Bong (Lester Verde)
56%
Piranha Jones (Raymond Jones)
56%
Squid (Donald Callahan)
56%
Will o' the Wisp (Jackson Arvad)
56%
Black Talon (Samuel Barone)
44%
Chance (Nicholas Powell)
44%
Digger
44%
Eel (Edward Lavell)
44%
Ragnarok
44%
Razorfist (William Young)
44%
Slug (Ulysses Lugman)
44%
Spider-Woman (Charlotte Witter)
44%
White Dragon
44%
Xemnu
44%
Equinox (Terrance Sorenson)
33%
Foolkiller (Gregory Salinger)
33%
Man-Killer (Katrina van Horn)
33%
Maximillian Zaran
33%
Megataur
33%
Mercy (Abigail Wright)
33%
Midnight (Jeffrey Wilde)
33%
Midnight (M'Nai)
33%
Mongoose
33%
Nekra Sinclair
33%
Quicksand (Nguyet)
33%
Shathra
33%
Stunner (Angelina Brancale)
33%
Vibro (Alton Vibrereaux)
33%
Dansen Macabre
22%
Inventor
22%
Kariooq the Corruptor
22%
Kolomaq the Beast of the Snows
22%
Living Eraser (Cutza)
22%
Lockdown (Becky St. Jude)
22%
Mastermind (computer)
22%
Mercurio the 4-D Man
22%
Orrgo
22%
Ranaq
22%
Skein (Sybil Dvorak)
22%
Somon the Artificer
22%
Suvik Senyaka
22%
Tanaraq the Conqueror of Beasts
22%
Tolomaq the Fire Beast
22%
Tricephalous
22%
Tundra the Land Beast
22%
Vindaloo (Venkat Katragadda)
22%
Whiteout
22%

Score Distribution

Percentile by Number Answered

Percent of People with Each Score

Your Score History

You have not taken this quiz